000 005250000a22001810004500
003 MACL
005 20160320145448.0
008 160320b xxu||||| |||| 00| 0 eng d
040 _aMACL
_cMACL
041 _aHindi
082 _a294
100 _aबिष्‍ट पंकज
_947781
245 _aधर्म: प्रासंगिकता के सवाल
260 _bसमयांतर
_c2006
_aनई दिल्‍ली
350 _a150
650 _aReligion
_947782
942 _cHIN
_k294/BIS
_2ddc
999 _c41095
_d41095